| 000 | 00550nam a2200181Ia 4500 | ||
|---|---|---|---|
| 008 | 100920s9999 xx 000 0 und d | ||
| 082 |
_b100142 _a--- न 07 |
||
| 100 | _aमंगेशकर गीता. | ||
| 245 | _aमधुचंद्र. | ||
| 260 |
_bसायली प्रकाशन,पुणे. _c2007 |
||
| 300 |
_a200 _bसाधी |
||
| 365 | _b200 | ||
| 520 | _aकादंबरी. | ||
| 630 | _aमधुचंद्र. | ||
| 650 | _aकादंबरी. | ||
| 730 | _aमधुचंद्र. | ||
| 942 | _cBOOK | ||
| 999 |
_c740580 _d740577 |
||